01320nam a2200217Ia 4500008004100000041001200041082001600053100001600069245006700085260003300152300000800185650001800193700001800211942000700229999001500236952017200251952017300423952017200596952016100768952017300929221030s9999 xx 000 0 und d aEnglish a105.23bSin aB. P. Singh 0aOrganisation Theory & Behaviourcby B. P. Singh, T. N. Chhabra bDhanpat Rai PubaIndiac2002 a786 aBE Management aT. N. Chhabra cBK c1469d1469 pBE 5375g125.00l0o105.23 Sinr2024-06-13 00:00:00w2022-10-30yBK003Print4070aMIETLIBbMIETLIBcBL-Academic Block C, FL-2, CUP-130, SH-4, R-4d2002-06-0810HBE pBE 5376g125.00l0o105.23 Sinr2024-06-13 00:00:00w2022-10-30yBK003Print4070aMIETLIBbMIETLIBcBL-Academic Block C, FL-12, CUP-130, SH-4, R-4d2005-10-2710HBE pBE 5378g125.00l0o105.23 Sinr2024-06-13 00:00:00w2022-10-30yBK003Print4070aMIETLIBbMIETLIBcBL-Academic Block C, FL-2, CUP-130, SH-4, R-4d2002-06-0810HBE pBE 5374g125.00l0o105.23 Sinr2024-06-13 00:00:00w2022-10-30yBK003Print4071aMIETLIBbMIETLIBcBL-Second, FL-1, CUP-78, SH-2, R-2d2002-06-0810HBE pBE 5377g125.00l0o105.23 sinr2024-06-13 00:00:00w2022-10-30yBK003Print4070aMIETLIBbMIETLIBcBL-Academic Block- A, FL-12, CUP-69, SH-2, R-2d2002-06-0810HBE